01101cam a22002892 b450000100090000000300040000900500170001300600190003000700150004900800410006402000180010502000180012302400180014103500260015903700250018504000190021008200200022910000350024921000570028424500800034126000370042144000780045850600430053652100390057977300550061885601380067310192311OSt20150408114203.0m d cr n 120531e20121017njua s|||||||| 2|eng|d a9789400750111 a97894007501423 a9789400750111 a(WaSeSS)ssj0000800212 a9400750110b00024965 aBIP USdWaSeSS00a535.84223bKYR1 aKalmykov, Yuri P.eEditor4edt10aRecent Advances in Broadband Dielectric Spectroscopy10aRecent Advances in Broadband Dielectric Spectroscopyh[electronic resource] aNew York : bSpringercOct. 2012 0aNATO Science for Peace and Security Series B: Physics and Biophysics Ser. aLicense restrictions may limit access. aScholarly & ProfessionalbSpringer 0tSpringerLink ebooks - Physics and Astronomy (2013)40uhttp://www.columbia.edu/cgi-bin/cul/resolve?clio10192311zFull text available from SpringerLink ebooks - Physics and Astronomy (2013)